Statistics for How many...?

Click here to take the quiz!

General Stats

  • This quiz has been taken 113 times
    (54 since last reset)
  • The average score is 10 of 15

Answer Stats

HintAnswer% Correct
Fruits and Vegatables per day5
95%
Lifes does a cat have9
95%
Hours in a day24
93%
Days in a year365
93%
States in USA50
90%
Harry Potter Books (not movies)7
88%
Star wars Movies6
83%
Countries in the world196
70%
Canadian Territories and Provinces13
63%
Chess pieces32
55%
Members of the Eu28
53%
Bones an adult has206
48%
Keys of an average piano88
48%
Counties of England83
15%
Users on Facebook1,300,000,000
0%

Score Distribution

Percentile by Number Answered

Percent of People with Each Score

Your Score History

You have not taken this quiz since the last reset